000 00224nam a22000857a 4500
008 160912b xxu||||| |||| 00| 0 eng d
100 _9381
_aDEV. A.N
245 _aGrammer Power Book-6
260 _aNew Delhi
_bSrijan Publishers
_c2010
999 _c3039
_d3039